Language Quiz

Random Language Quiz

Pronouns Quiz Stats

 Plays Quiz not verified by Sporcle

Score 0/13 Timer 03:00
0 Plays Today
Hint Answer % Correct
My grandfather _ was in World War 2, fought bravelywho
94.1%
He was afraid for _ life.his
94.1%
He's the man, _ house I visited.whose
88.2%
He kept the doll, _ my mum played with.which
82.4%
_ was a kind thing to do.That
82.4%
I loved grandpa, _ always tickled me.who
76.5%
My grandpa, _ I loved , I miss.whom
76.5%
My grandpa, _ I met in Cornwall.whom
76.5%
_ were great times.Those
76.5%
He loved our house, but I loved _.his
64.7%
_ did he like?Which
64.7%
_ newspaper and a glass of sherry.His
64.7%
But he was quite hard on _.himself
47.1%

You're not logged in!

Compare scores with friends on all Sporcle quizzes.
OR
Log In

Show Comments

Extras

Created Mar 13, 2014ReportNominate
Tags:pronoun

Top Quizzes Today


Score Distribution

Your Account Isn't Verified!

In order to create a playlist on Sporcle, you need to verify the email address you used during registration. Go to your Sporcle Settings to finish the process.

Report this User

Report this user for behavior that violates our Community Guidelines.

Details: